000 01058nam a2200217Ia 4500
003 Ost
005 20260507075111.0
008 260507s9999||||xx |||||||||||||| ||und||
040 _cfsecg
041 _aara
082 _a330
100 _aبلبع، عبد المنعم
_eمؤلف
245 0 _aاستصلاح وتحسين الاراضي /
_c عبد المنعم بلبع
260 _aالاسكندرية:
_bمكتبة المعارف الحديثة,
_c1999
300 _a611 صفحة؛
_bإيضاحات ؛
_c24 سم
520 _aتجد في هذا الكتاب ما يلي : 1 مقدمة الجزء الأول : استصلاح وتحسين الأراضي الجزء الثاني : استصلاح الأراضي الصحراوية الجزء الثالث : استصلاح الأراضي المتأثرة بالأملاح الجزء االرابع : استصلاح وتحسين أراضي الصحاري
653 _aاستصلاح الاراضى
653 _aالاراضي
653 _aتحسين الاراضى
942 _cكتاب
999 _c42897
_d42897